000
00271nam a22001097a 4500
999
_c
155304
_d
155304
082
_a
_b
100
_a
Jyoti Mungal
245
_a
Vartman sandarbh me Nirmal Verma ke paatra/
_c
by Jyoti Mungal.
260
_a
Kanpur:
_b
Abhay Prakashan,
_c
2013.
650
_a
942
_c
BK